| 000 | 00824nam a22002531 4500 | ||
|---|---|---|---|
| 001 | 3107693 | ||
| 005 | 20240818092941.0 | ||
| 008 | 861114s1915 enka 000 0 eng | ||
| 010 | _a 15016536 | ||
| 040 |
_aDLC/ICU _cICU _dDLC |
||
| 050 | 0 | 0 |
_aQA21 _b.H5 |
| 082 |
_222 _a513.5 _bHIL |
||
| 100 | 1 |
_aHill, George Francis, _cSir, _d1867-1948. _924426 |
|
| 245 | 1 | 4 |
_aThe Development of Arabic Numerals in Europe : _bExhibited in sixty-four tables/ _cBy G.F. Hill |
| 260 |
_aOxford: _bClarendon press, 1915 _c1915. |
||
| 300 |
_a125, [1] p. : _bill., tables ; _c26 cm. |
||
| 650 | 0 |
_aNumerals. _924427 |
|
| 650 | 0 |
_aNumeration _xHistory. _924428 |
|
| 653 |
_bGen _cMay2011 |
||
| 942 |
_2ddc _cBB _hRDA-MOD |
||
| 999 |
_c15469 _d15469 |
||
| 336 |
_2rdacontent _atext _btxt |
||
| 337 |
_aunmediated _2rdamedia _bn |
||
| 338 |
_avolume _bnc _2rdacarrier |
||